b站up主@u_o_i_u一年以来做过的所有jetpunk视频(截止2024.11.12)All uoiu's jetpunk videos - Statistics

General Stats
  • This quiz has been taken 4 times
  • The average score is 8 of 55
Answer Stats
Hint Answer % Correct
2024.1.4 写出全国所有地级行政区!
100%
2024.11.13 写出长江与支流经过的所有区县!
75%
2023.12.22 广州地铁车站地图
50%
2024.3.20 各种县级行政区都在哪里?
50%
2024.5.10 挑选六个幸运省份写出县级行政区!
50%
2024.8.15 世界地图网格中最大的城市!
50%
2024.11.20 尝试写出北京地铁所有站点!
50%
2024.1.1 世界主要海洋水体大全
25%
2024.1.2 国家知识四科联考
25%
2024.1.23 写出广东所有县级行政区!
25%
2024.3.4 尝试写出江苏山东的县级行政区!小测验合集
25%
2024.3.7 写出古诗词所写的城市地点!
25%
2024.3.18 世界地理综合大测验!
25%
2024.3.24 写出所有沿海与边境区县!
25%
2024.4.11 关于黄河与京沪高速的小知识!
25%
2024.4.21 各国地理知识地图大合集!
25%
2024.5.7 中国河湖大赏 各纬度前五城市!
25%
2024.5.11 中国山脉与高速公路大赏!
25%
2024.1.14 写出中国姓氏前110!
25%
2024.2.18 全网首个jetpunk测验制作的视频教程!
25%
2024.1.19 谈jetpunk的错误中国地图与中文quiz创作的未来
25%
2023.12.18 哪些国家最相似?
0%
2023.12.31 国家交通运输主题小测验合集
0%
2024.1.7 写出历史上的中国大城市
0%
2024.1.9 根据提示猜城市!亚洲欧洲美国!
0%
2024.1.13 从零绘制整个世界地图,超硬核!
0%
2024.1.17 击败大国的国家!
0%
2024.1.21 写出所有内地车牌对应的地市!
0%
2024.1.24 写出干线铁路高铁、兰州地铁的车站!
0%
2024.2.18 写点国内有趣的地铁站名!
0%
2024.2.21 写出国内所有地铁终点站!
0%
2024.2.23 一块块拼出世界地图!
0%
2024.2.26 写出各国在首都之外最大的城市!
0%
2024.2.27 世界上最优秀的城市有哪些?
0%
2024.2.28 尝试写出中国所有城市!
0%
2024.3.9 跟着旅行家们环游世界!
0%
2024.3.14 这卫星都拍的都是些个啥?
0%
2024.3.27 全球国徽大赏!
0%
2024.3.30 让外国友人来考考你中国城市小知识!
0%
2024.4.3 中国机场城市大赏!
0%
2024.4.7 世界知名城市有哪些?
0%
2024.4.26 亚洲城市的地狱级挑战!
0%
2024.6.21 你所在的城市曾经是哪座古都?
0%
2024.7.9 从上海开始跳遍全中国!
0%
2024.11.5 写出所有地市的政府所在区县!
0%
2024.3.2 开各省地图炮,但是用官方数据(1)
0%
2023.12.20 世界100种主要语言
0%
2023.12.21 中国内地最繁忙的100座机场
0%
2024.6.29 中国啥时候冒出来了122组重名市县,还有过159个省级行政区?
0%
2024.3.28 1444年的欧陆风云里有多少全球国家?
0%
2024.3.21 这是你家乡的5种存在感!
0%
2023.12.14 世界人口前50城市,英文地理测验入门必修课
0%
2023.12.15 世界人口前500城市,国人的优势区间!
0%
2024.6.15 你能写出多少985211大学?
0%
2024.5.17 各省国际知名度top5的城市都有谁?
0%
No matching quizzes found
Score Distribution
Percent of People with Each Score
Percentile by Number Answered
Your Score History
You have not taken this quiz